Don Quijote de la mancha

Tallennettuna:
Bibliografiset tiedot
Päätekijä: Cervantes Saavedra, Miguel de
Aineistotyyppi: Kirja
Kieli:Undetermined
Julkaistu: México, Distrito Federal Editorial Cumbre 1980
Painos:17
Aiheet:
Tagit: Lisää tagi
Ei tageja, Lisää ensimmäinen tagi!

MARC

LEADER 00000nam a2200000Ia 4500
008 170316s9999 xx 000 0 und d
040 |a cru BVZT 
090 |a 862 C-37d v.3 
100 |a Cervantes Saavedra, Miguel de 
245 |a Don Quijote de la mancha 
250 |a 17 
260 |a México, Distrito Federal 
260 |b Editorial Cumbre 
260 |c 1980 
300 |a 343 páginas Vol. 3 
650 |a LITERATURA ESPAÑOLA 
650 |a NOVELA 
650 |a EL INGENIOSO HIDALGO DON QUIJOTE DE LA MANCHA 
999 |c 9684  |d 9684 
942 |c 15 D  |h 862 C-37d v.3  |2 z